Jurisprudencia del arrendamiento
Збережено в:
| Співавтор: | |
|---|---|
| Формат: | Книга |
| Мова: | Іспанська |
| Опубліковано: |
Santiago
Puntolex
2010
|
| Предмети: | |
| Теги: |
Додати тег
Немає тегів, Будьте першим, хто поставить тег для цього запису!
|
MARC
| LEADER | 00000nam a2200000 a 4500 | ||
|---|---|---|---|
| 001 | UCG5856 | ||
| 003 | CL-VaPUC | ||
| 008 | 110324e20100000CL |||||||||||||||||spa|d | ||
| 020 | |a 9789563370591 | ||
| 082 | 0 | 4 | |a 346.043 |b DEP |2 21 |
| 110 | 2 | |a Departamento de Estudios Jurídicos PUNTOLEX |e author |9 555749 | |
| 245 | 1 | 0 | |a Jurisprudencia del arrendamiento |
| 300 | |a 280 p | ||
| 942 | |c BK | ||
| 945 | |d 20110324 00:00:00 |a dcastane | ||
| 260 | |a Santiago |b Puntolex |c 2010 | ||
| 650 | 0 | |a Arrendamiento |9 257654 | |
| 650 | 0 | |a Arrendamiento |v Aspectos jurídicos |9 329155 | |
| 651 | 7 | |a CHILE |2 CL-VaPUC |9 555750 | |
| 583 | |a last modification |c 20110324 00:00:00 |k Rodrigo Vera | ||
| 999 | |c 344216 |d 344214 | ||
| 952 | |0 0 |1 0 |4 0 |6 346_043000000000000_DEP_2010 |7 0 |8 A |9 442061 |a BIBDER |b BIBDER |d 2019-11-22 |i 4760387 |l 1 |m 5 |o 346.043 DEP 2010 |p 4760387 |q 2025-12-31 |r 2020-03-04 |s 2020-03-04 |w 2019-11-22 |y BK |k DER | ||